000 00963nam a2200241Ia 4500
999 _c38299
_d38299
001 4309
003 GE_BSU
005 20191004160402.0
008 181216s2002||||ge |||||||||||||| ||geo||
040 _cGE_BSU
041 _ageo
080 _a398(479.22) შ–67
100 _aშიოშვილი, თინა
_91855
245 _aქართული ფოლკლორის ზნეობრივი სამყარო :
_b წ. 1
_cრედ. ზურაბ კიკნაძე
264 _a ბათუმი :
_bაჭარა,
_c2002.
300 _a436 გვ. ;
_b21 სმ.
504 _aბიბლიოგრ. ტექსტის შენიშვნ.
520 _a რეზ. რუს. და ინგლ. ენ.
653 _aეთიკა
653 _aქართული ფოლკლორი
700 _aკიკნაძე, ზურაბ
_eრედაქტორი
_94114
942 _cBK
_2udc